| 000 | 00979nam a2200229 4500 | ||
|---|---|---|---|
| 001 | 132823 | ||
| 003 | ES-MaACL | ||
| 005 | 20250811071522.0 | ||
| 007 | t| | ||
| 008 | 070214s1948 sp r ||||1| spa d | ||
| 100 | 1 |
_aRosal, Juan del. _999636 |
|
| 245 | 1 | 0 |
_aEstudios penales / _cJuan del Rosal. |
| 260 |
_aMadrid : _bMinisterio de Justicia : _bConsejo Superior de Investigaciones Científicas, _c1948. |
||
| 300 |
_a348 p. ; _c20 cm. |
||
| 490 | 1 |
_aPublicaciones del Instituto Nacional de Estudios Jurídicos. Serie 3ª . Monografías de Derecho Español ; _v7 |
|
| 710 | 2 |
_aInstituto Nacional de Estudios Jurídicos (España) _95163 |
|
| 710 | 1 |
_aEspaña. _bMinisterio de Justicia _93895 |
|
| 710 | 2 |
_aConsejo Superior de Investigaciones Científicas (España) _93236 |
|
| 830 | 0 | 0 |
_aPublicaciones del Instituto Nacional de Estudios Jurídicos. _pMonografías de derecho español _v7 _9186868 |
| 852 |
_aES-MaACL _jC-4834 _bR.25518 |
||
| 999 |
_c132823 _d132823 |
||